Ministres de l'éducation nationale - présidence d'Emmanuel Macron - Statistiques

Statistiques générales
  • Ce quiz a été pris 62 fois
    16 depuis la dernière actualisation
  • Le résultat moyen est 10 sur 11
Statistiques - réponses
Date de Passage Gouvernement Ministre titulaire % Correct
2024-2025 Bayrou Élisabeth Borne
100%
2025 Lecornu I Élisabeth Borne
100%
2017 Philippe I Jean-Michel Blanquer
100%
2017-2020 Philippe II Jean-Michel Blanquer
100%
2020-2022 Castex Jean-Michel Blanquer
100%
2022-2023 Borne Pap Ndiaye
100%
2023-2024 Borne Gabriel Attal
92%
2025- Lecornu II Édouard Geffray
85%
2024 Attal Amélie Oudéa-Castera
77%
2024 Barnier Anne Genetet
77%
2024 Attal Nicole Belloubet
69%
Aucun quiz correspondant
Distribution des résultats
% des personnes avec chaque résultat
Percentile par nombre de réponses
Votre historique - résultats
Vous n’avez pas pris ce quiz depuis la dernière actualisation